000 00643nam a2200217 a 4500
001 000023688
005 20200930022407.0
008 101220s1993 sp r 000 0 spa d
020 _a8420646083
040 _aDO-SdBNP
_bspa
_cBNPHU
082 _a158.4
_bH313j
100 1 _aHarris, Marvin,
_d1927-2001.
_948795
245 1 0 _aJefes, cabecillas, abusos /
_cMarvin Harris ; traducción de Isabel Heimann.
260 _aMadrid :
_bAlianza,
_c1993.
300 _a61, [3] p. ;
_c15 cm.
490 1 _aAlianza cien
_v8
650 4 _aLiderazgo
_9115
700 1 _aHeimann, Isabel
_etr.
_948796
830 0 _aAlianza cien ;
_v8
_912832
049 _aBNGR
999 _c23184
_d23184